Arm system developer's guide designing and optimizing
This book provides a comprehensive description of the operation of the ARM core from a developer's perspective with a clear emphasis on software. It demonstrates not only how to write efficient ARM software in C and assembly but also how to optimize code. Example code throughout the book can be...
Na minha lista:
| Autor principal: | |
|---|---|
| Formato: | Livro |
| Idioma: | Undetermined |
| Publicado em: |
London
Elsevier
2004
|
| Assuntos: | |
| Tags: |
Adicionar Tag
Sem tags, seja o primeiro a adicionar uma tag!
|
| Thư viện lưu trữ: | Trung tâm Học liệu Trường Đại học Cần Thơ |
|---|
| LEADER | 00981nam a2200217Ia 4500 | ||
|---|---|---|---|
| 001 | CTU_98026 | ||
| 008 | 210402s9999 xx 000 0 und d | ||
| 020 | |c 68.55 | ||
| 082 | |a 005.1 | ||
| 082 | |b S634 | ||
| 100 | |a Sloss, Andrew N. | ||
| 245 | 0 | |a Arm system developer's guide designing and optimizing | |
| 245 | 0 | |c Andrew N. Sloss | |
| 260 | |a London | ||
| 260 | |b Elsevier | ||
| 260 | |c 2004 | ||
| 520 | |a This book provides a comprehensive description of the operation of the ARM core from a developer's perspective with a clear emphasis on software. It demonstrates not only how to write efficient ARM software in C and assembly but also how to optimize code. Example code throughout the book can be integrated into commercial products or used as templates to enable quick creation of productive software. | ||
| 650 | |a Computer software,Computer architecture | ||
| 650 | |x Development | ||
| 904 | |i Tuyến | ||
| 980 | |a Trung tâm Học liệu Trường Đại học Cần Thơ | ||